00374nam a2200133Ia 4500008004100000041001200041082001600053100001500069245007600084260003700160300000900197650001600206700001800222221030s9999 xx 000 0 und d aEnglish a105.23bMot aS. Motewar 2aA Course in Computer Programming in Basiccby S. Motewar, S. Domkundwar bDhanpat Rai PubaNew Delhic1999 a17.3 aBE Computer aS. Domkundwar